[Event "Lichtenberger Sommer 2016"]
[Site "?"]
[Date "2016.08.18"]
[Round "6.55"]
[White "Schubert, Joachim"]
[Black "Glienke, Michael"]
[Result "1-0"]
[WhiteElo "1889"]
[BlackElo "1779"]
[PlyCount "53"]
[EventDate "2016.??.??"]
[WhiteTeam "SC Friesen Lichtenberg"]
[BlackTeam "SC Kreuzberg"]

1. e4 c6 2. d4 d5 3. Nc3 dxe4 4. Nxe4 Bf5 5. Ng3 Bg6 6. Nf3 Nd7 7. Bc4 e6 8.
O-O Be7 9. Re1 h6 10. c3 Ngf6 11. Bf4 O-O 12. Qd2 Re8 13. Rad1 Nf8 14. Qc1 Nh5
15. Be3 Nxg3 16. hxg3 Qa5 17. Ne5 Bh7 18. Qd2 Rad8 19. Qe2 Ng6 20. Ng4 Rd7 21.
Bxh6 gxh6 22. Bxe6 Rd6 23. Nxh6+ Kg7 24. Nf5+ Kf6 25. Nxd6 Bxd6 26. Qf3+ Kg7
27. Qxf7+ 1-0

[Event "Lichtenberger Sommer 2016"]
[Site "?"]
[Date "2016.08.18"]
[Round "6.56"]
[White "Krusemark, Gerhard"]
[Black "Merz, Rüdiger"]
[Result "0-1"]
[WhiteElo "1795"]
[BlackElo "1908"]
[PlyCount "74"]
[EventDate "2016.??.??"]
[WhiteTeam "TSG Fredersdorf/Vogelsdorf"]
[BlackTeam "SK Zehlendorf"]

1. d4 d5 2. Nf3 Nf6 3. c4 c6 4. Nc3 dxc4 5. a4 Be6 6. e4 Qa5 7. Bd2 Qc7 8. Ne5
Na6 9. Nxc4 Rd8 10. Be3 Ng4 11. Be2 Nxe3 12. Nxe3 Qb6 13. d5 Qxb2 14. Rc1 Qb6
15. Rb1 Qa5 16. Qc1 Bc8 17. O-O Nc5 18. Nc4 Qc7 19. Qe3 e5 20. Rfd1 cxd5 21.
Nxd5 Qb8 22. Nc3 Ne6 23. Rxd8+ Nxd8 24. Rb5 f6 25. Rd5 Be7 26. Nb5 Be6 27.
Ncd6+ Kf8 28. Rd1 a6 29. Qa7 Qxa7 30. Nxa7 Bxd6 31. Rxd6 Ke7 32. Rb6 Kd7 33.
Bxa6 bxa6 34. Rxa6 Nb7 35. Rb6 Nc5 36. a5 Ra8 37. Nc6 Kc7 0-1

[Event "Lichtenberger Sommer 2016"]
[Site "?"]
[Date "2016.08.18"]
[Round "6.57"]
[White "Bauder, Herbert"]
[Black "Schneider, Eckehard"]
[Result "1-0"]
[WhiteElo "1924"]
[BlackElo "1800"]
[PlyCount "75"]
[EventDate "2016.??.??"]
[WhiteTeam "Lasker Steglitz-Wilmersdorf"]
[BlackTeam "SF 1903 Berlin"]

1. d4 Nf6 2. Nf3 g6 3. c4 Bg7 4. Nc3 d6 5. e4 O-O 6. Be2 e5 7. O-O Na6 8. Re1
Nh5 9. g3 f5 10. exf5 Bxf5 11. dxe5 dxe5 12. Qd5+ Qxd5 13. Nxd5 Rae8 14. Nh4
Bh3 15. Be3 c6 16. Nc3 b6 17. Ne4 Nf6 18. Ng5 Bg4 19. f3 Bc8 20. a3 e4 21. Kg2
exf3+ 22. Bxf3 Ng4 23. Bxg4 Bxg4 24. h3 Bc8 25. Rab1 c5 26. b3 Nc7 27. Bf4 Bb7+
28. Kh2 Bc3 29. Rxe8 Rxe8 30. Bxc7 Re2+ 31. Kg1 Bd4+ 32. Kf1 Rf2+ 33. Ke1 Rh2
34. Kd1 Rh1+ 35. Kc2 Rh2+ 36. Kd3 h6 37. Ngf3 Rf2 38. Nxd4 1-0

[Event "Lichtenberger Sommer 2016"]
[Site "?"]
[Date "2016.08.18"]
[Round "6.58"]
[White "Ziems, Michael"]
[Black "Freimuth, Dominik Stefan"]
[Result "1/2-1/2"]
[WhiteElo "1802"]
[BlackElo "1838"]
[PlyCount "98"]
[EventDate "2016.??.??"]
[WhiteTeam "SV Empor Berlin"]
[BlackTeam "SF Birkenfeld"]

1. d4 d5 2. c4 c6 3. Nc3 Nf6 4. Nf3 dxc4 5. e4 b5 6. Ne5 e6 7. a3 Bb7 8. Bf4
Bd6 9. Nxf7 Kxf7 10. Bxd6 Qxd6 11. e5 Qe7 12. exf6 Qxf6 13. Ne4 Qf4 14. Qh5+
Ke7 15. Qc5+ Kd7 16. f3 Na6 17. Qh5 g6 18. Qh3 Rae8 19. Be2 Kc7 20. Rd1 Kb8 21.
Qg3 Qxg3+ 22. hxg3 Nc7 23. f4 Nd5 24. Bf3 Kc7 25. Kf2 a5 26. Rh6 Re7 27. Rdh1
b4 28. Rxg6 c3 29. bxc3 Nxc3 30. Rg5 Nd5 31. Nc5 Rb8 32. Re5 Bc8 33. Rc1 Kd8
34. Bxd5 exd5 35. Rb1 Rxe5 36. fxe5 Bf5 37. Rb2 Ke7 38. Ke3 Bg4 39. axb4 Rxb4
40. Rxb4 axb4 41. Kd2 Bf5 42. Na6 b3 43. Kc3 Be4 44. Nb8 c5 45. dxc5 Ke6 46.
Nc6 d4+ 47. Nxd4+ Kxe5 48. Nxb3 Bxg2 49. Kd3 Kd5 1/2-1/2

[Event "Lichtenberger Sommer 2016"]
[Site "?"]
[Date "2016.08.18"]
[Round "6.59"]
[White "Kievelitz, Bernd"]
[Black "Rehmsmeier, Marc"]
[Result "1-0"]
[WhiteElo "1866"]
[BlackElo "1686"]
[PlyCount "79"]
[EventDate "2016.??.??"]
[WhiteTeam "SC Zitadelle Spandau"]
[BlackTeam "vereinslos"]

1. Nf3 d5 2. d4 Nf6 3. c4 c6 4. Qb3 e6 5. g3 Be7 6. Bg2 O-O 7. O-O Nbd7 8. Nc3
Re8 9. Re1 Bf8 10. e4 dxc4 11. Qxc4 Nb6 12. Qb3 Nbd7 13. Bg5 h6 14. Be3 g5 15.
Rad1 Ng4 16. Bc1 e5 17. h3 exd4 18. Nxd4 Nge5 19. Nf5 Qf6 20. Be3 Bc5 21. Qc2
Nc4 22. Nd5 cxd5 23. Bxc5 Nxc5 24. Rxd5 Bxf5 25. Rxf5 Qxf5 26. exf5 Rxe1+ 27.
Kh2 Nxb2 28. Qxc5 Nd3 29. Qd4 Ne5 30. f4 gxf4 31. gxf4 Nc6 32. Qf6 Rd8 33. Qxh6
f6 34. Qg6+ Kh8 35. Qxf6+ Kh7 36. Qg6+ Kh8 37. Qh6+ Kg8 38. f6 Rd7 39. Bd5+ Rf7
40. Qg6+ 1-0

[Event "Lichtenberger Sommer 2016"]
[Site "?"]
[Date "2016.08.18"]
[Round "6.60"]
[White "Kohlmeyer, Dagobert"]
[Black "Schilling, Florian"]
[Result "1-0"]
[WhiteElo "1877"]
[BlackElo "1932"]
[PlyCount "77"]
[EventDate "2016.??.??"]
[WhiteTeam "SC Rochade (Berlin)"]
[BlackTeam "vereinslos"]

1. e4 b6 2. d4 e6 3. Nc3 Bb7 4. Nf3 c5 5. d5 a6 6. dxe6 fxe6 7. Bd3 Nc6 8. O-O
Qc7 9. Ng5 Nf6 10. f4 h6 11. Nf3 O-O-O 12. a4 Be7 13. Qe2 Nb4 14. Ne5 c4 15.
Bxc4 d5 16. exd5 exd5 17. Bd3 Kb8 18. Bd2 Nxd3 19. cxd3 Bc5+ 20. Kh1 Rhe8 21.
Rac1 Qd6 22. Na2 Ka8 23. b4 Bd4 24. Bc3 Bxc3 25. Rxc3 g5 26. d4 gxf4 27. Rxf4
Nd7 28. Re3 Nxe5 29. dxe5 Qg6 30. Rf1 d4 31. Rg3 Qe6 32. Re1 Rd5 33. Kg1 d3 34.
Qd2 Rxe5 35. Rxe5 Qxe5 36. Nc3 Qd4+ 37. Kh1 Qxb4 38. Rxd3 Ka7 39. Nb5+ 1-0

[Event "Lichtenberger Sommer 2016"]
[Site "?"]
[Date "2016.08.18"]
[Round "6.61"]
[White "Lehmkuhl, Stefan"]
[Black "Prix, Siegfried"]
[Result "1/2-1/2"]
[WhiteElo "1875"]
[BlackElo "1726"]
[PlyCount "48"]
[EventDate "2016.??.??"]
[WhiteTeam "Breloher SC"]
[BlackTeam "SF 1903 Berlin"]

1. d4 d5 2. c4 c6 3. cxd5 cxd5 4. Nc3 Nf6 5. Nf3 e6 6. Bf4 Bd6 7. Bxd6 Qxd6 8.
e3 Bd7 9. Rc1 O-O 10. Ne5 Nc6 11. f4 Rac8 12. Bd3 Ne8 13. O-O f5 14. Nxd7 Qxd7
15. Na4 b6 16. b3 Nb4 17. Bb1 Rxc1 18. Qxc1 Nf6 19. Qd2 Nc6 20. Rc1 Rc8 21. Kf1
Na5 22. Rxc8+ Qxc8 23. Qc2 Qxc2 24. Bxc2 Ng4 1/2-1/2

[Event "Lichtenberger Sommer 2016"]
[Site "?"]
[Date "2016.08.18"]
[Round "6.62"]
[White "Weber, Gerald"]
[Black "Acikel, Mert"]
[Result "0-1"]
[WhiteElo "1609"]
[BlackElo "1820"]
[PlyCount "70"]
[EventDate "2016.??.??"]
[WhiteTeam "SSV Rotation Berlin"]
[BlackTeam "SK König Tegel"]

1. c4 e6 2. Nc3 d5 3. cxd5 exd5 4. d4 Nf6 5. g3 Be7 6. Bg2 c6 7. Qd2 O-O 8. e3
b6 9. Nge2 Bb7 10. O-O Re8 11. b3 Na6 12. a3 Rc8 13. b4 c5 14. bxc5 bxc5 15.
dxc5 Nxc5 16. Qd1 Ba6 17. a4 Nce4 18. Nb5 Qa5 19. f3 Bxb5 20. fxe4 Qa6 21. Re1
Bb4 22. Bb2 Bd3 23. Nf4 Bxe1 24. Nxd3 Bc3 25. Bxc3 Rxc3 26. Nb4 Qb6 27. Qd4
Qxd4 28. exd4 dxe4 29. Rd1 Rc4 30. Na6 Rd8 31. Bf1 Rcxd4 32. Rxd4 Rxd4 33. Be2
Rxa4 34. Kf2 Ra2 35. h3 Nd5 0-1

[Event "Lichtenberger Sommer 2016"]
[Site "?"]
[Date "2016.08.18"]
[Round "6.63"]
[White "Schacht, Thomas"]
[Black "Christensen, Andreas"]
[Result "1/2-1/2"]
[WhiteElo "1678"]
[BlackElo "1773"]
[PlyCount "150"]
[EventDate "2016.??.??"]
[WhiteTeam "BSV 63 Chemie Weißensee"]
[BlackTeam "Hamburger SK"]

1. d4 Nf6 2. c4 g6 3. Nc3 Bg7 4. e4 d6 5. Nf3 O-O 6. Be2 e5 7. O-O Nc6 8. Be3
Ng4 9. Bg5 Bf6 10. Bxf6 Nxf6 11. Qd2 Kg7 12. Rad1 Bg4 13. dxe5 dxe5 14. Qg5 h6
15. Qh4 Qe7 16. Nd5 Nxd5 17. Qxg4 Nf4 18. Rfe1 Rad8 19. Rxd8 Rxd8 20. g3 h5 21.
Qh4 Nxe2+ 22. Rxe2 Rd1+ 23. Kg2 Qxh4 24. gxh4 Kf6 25. b4 Nd4 26. Rd2 Rxd2 27.
Nxd2 Ne2 28. Kf3 Nc3 29. a3 c6 30. Ke3 Na4 31. Kd3 Nb6 32. Nb3 Nc8 33. Na5 Nd6
34. c5 b6 35. Nxc6 bxc5 36. bxc5 Nb7 37. Kc4 Ke6 38. Nxa7 Nd8 39. c6 Kd6 40.
Kb5 Kc7 41. a4 Ne6 42. a5 f5 43. exf5 gxf5 44. a6 f4 45. Kc4 e4 46. Nb5+ Kxc6
47. a7 Kb7 48. Kd5 e3 49. fxe3 fxe3 50. Nc3 Nf4+ 51. Ke4 Ng2 52. Ne2 Kxa7 53.
Kf3 Nxh4+ 54. Kxe3 Kb7 55. Nf4 Nf5+ 56. Kf3 Ng7 57. Kg3 Nf5+ 58. Kh3 Nd4 59.
Kg3 Nf5+ 60. Kf2 Ng7 61. Kg2 Kc8 62. Kg3 Nf5+ 63. Kh3 Nd4 64. Kg3 h4+ 65. Kg2
Kd8 66. Ng6 Nf5 67. Kf3 Kd7 68. Kg4 Ke6 69. Kg5 Ne7 70. Nxh4 Kf7 71. Nf3 Ng6
72. Kh6 Nf4 73. h4 Ng2 74. Ne5+ Kg8 75. h5 Nf4 1/2-1/2

[Event "Lichtenberger Sommer 2016"]
[Site "?"]
[Date "2016.08.18"]
[Round "6.64"]
[White "Engelhardt, Erhard"]
[Black "Mai, Andreas"]
[Result "0-1"]
[WhiteElo "1754"]
[BlackElo "2014"]
[PlyCount "50"]
[EventDate "2016.??.??"]
[WhiteTeam "SSV Rotation Berlin"]
[BlackTeam "SC Friesen Lichtenberg"]

1. f4 b6 2. b3 Nf6 3. Nf3 Bb7 4. e3 e6 5. Bb2 d5 6. Be2 Bd6 7. O-O Nbd7 8. Qe1
Qe7 9. d4 h6 10. Bd3 O-O-O 11. Qe2 g5 12. Ne5 gxf4 13. exf4 Rdg8 14. Nd2 Rg7
15. Kh1 Rhg8 16. Rg1 Ng4 17. Ndf3 Ndf6 18. Nxg4 Rxg4 19. g3 Ne4 20. Ba6 Bxa6
21. Qxa6+ Kb8 22. Qe2 h5 23. Raf1 f5 24. Nh4 Bxf4 25. Nxf5 exf5 0-1

[Event "Lichtenberger Sommer 2016"]
[Site "?"]
[Date "2016.08.18"]
[Round "6.65"]
[White "Schäfer, Heiko"]
[Black "Bahr, Arne"]
[Result "1-0"]
[WhiteElo "2078"]
[BlackElo "1646"]
[PlyCount "43"]
[EventDate "2016.??.??"]
[WhiteTeam "Potsdamer SV"]
[BlackTeam "SG Turm Kiel"]

1. e4 g6 2. d4 Nf6 3. e5 Nh5 4. Be2 d6 5. Bxh5 gxh5 6. Qxh5 dxe5 7. dxe5 Qd5 8.
Nc3 Qxg2 9. Qf3 Qg6 10. Nge2 Qc6 11. Nd5 Be6 12. Nef4 Nd7 13. Be3 O-O-O 14.
O-O-O Bf5 15. Qe2 e6 16. Nc3 Bc5 17. Rhe1 Bxe3+ 18. Qxe3 Nb6 19. b3 Kb8 20. Kb2
Bg4 21. Rd4 Nc4+ 22. Rxc4 1-0

[Event "Lichtenberger Sommer 2016"]
[Site "?"]
[Date "2016.08.18"]
[Round "6.66"]
[White "Maple, Shawn"]
[Black "Keusch, Horst"]
[Result "0-1"]
[WhiteElo "1726"]
[BlackElo "1973"]
[PlyCount "32"]
[EventDate "2016.??.??"]
[WhiteTeam "Königsjäger Süd-West"]
[BlackTeam "SC Eintracht Berlin"]

1. d4 Nf6 2. c4 e6 3. Nf3 b6 4. Bf4 Bb7 5. e3 Ne4 6. a3 f5 7. Qc2 Be7 8. Be2
O-O 9. O-O d6 10. Nbd2 Nd7 11. h3 Qe8 12. Rfd1 Qg6 13. Nf1 Ndf6 14. Qb3 Nh5 15.
Bh2 f4 16. Bd3 fxe3 0-1

[Event "Lichtenberger Sommer 2016"]
[Site "?"]
[Date "2016.08.18"]
[Round "6.67"]
[White "Udet, Fabian"]
[Black "Seitz, Patrick"]
[Result "1-0"]
[WhiteElo "1663"]
[BlackElo "1745"]
[PlyCount "129"]
[EventDate "2016.??.??"]
[WhiteTeam "1. SC Anhalt"]
[BlackTeam "SR Heuberg-Gosheim"]

1. e4 c5 2. c3 d5 3. exd5 Qxd5 4. d4 Nc6 5. Nf3 Bg4 6. Be2 e6 7. O-O Nf6 8. Be3
cxd4 9. cxd4 Be7 10. Nc3 Qd8 11. Rc1 O-O 12. Qd2 Bb4 13. a3 Ba5 14. b4 Bb6 15.
Rfd1 Qe7 16. d5 exd5 17. Bg5 Rad8 18. Bxf6 gxf6 19. Qf4 Be6 20. Bd3 d4 21. Ne4
f5 22. Neg5 h6 23. Nxe6 fxe6 24. Qxh6 Rf6 25. Qg5+ Qg7 26. Qxg7+ Kxg7 27. Re1
a6 28. Rc4 Rd5 29. Rcc1 Rd7 30. b5 axb5 31. Bxb5 Rc7 32. Red1 e5 33. Bxc6 Rfxc6
34. Rxc6 bxc6 35. Nxe5 c5 36. Nc4 Ba7 37. Kf1 Kf6 38. Ke2 Rb7 39. Rd3 Rb1 40.
Rd1 Rb3 41. Rd3 Rb1 42. Rd1 Rb7 43. Rd3 Ke6 44. Rd2 Kd5 45. Rb2 Re7+ 46. Kd3
Rg7 47. f3 Rh7 48. h3 Rg7 49. a4 Re7 50. a5 Re8 51. Rb7 Rb8 52. Rxb8 Bxb8 53.
a6 Kc6 54. h4 Bf4 55. g4 fxg4 56. fxg4 Bg3 57. h5 Bf4 58. Ke4 Bh6 59. Ne5+ Kb6
60. Kd5 Bg7 61. Nd7+ Kxa6 62. Nxc5+ Kb6 63. g5 Bh8 64. h6 Kc7 65. g6 1-0

[Event "Lichtenberger Sommer 2016"]
[Site "?"]
[Date "2016.08.18"]
[Round "6.68"]
[White "Andresen, Klaus"]
[Black "Kapp, Frank"]
[Result "1-0"]
[WhiteElo "1559"]
[BlackElo "1913"]
[PlyCount "81"]
[EventDate "2016.??.??"]
[WhiteTeam "Niendorfer TSV"]
[BlackTeam "TSV IFA Chemnitz"]

1. c4 e6 2. g3 b6 3. Bg2 Nc6 4. Nf3 Bb7 5. O-O Nf6 6. Nc3 Be7 7. b3 O-O 8. Bb2
a5 9. d4 d5 10. Rc1 Nb4 11. a3 Na6 12. Nd2 c6 13. e4 dxe4 14. Ncxe4 Rb8 15.
Nxf6+ Bxf6 16. Ne4 c5 17. Nxf6+ Qxf6 18. Rc2 Bxg2 19. Kxg2 cxd4 20. Bxd4 e5 21.
Ba1 Qc6+ 22. Kg1 f6 23. Rd2 Qc7 24. Rd7 Qc6 25. Qg4 Rf7 26. Rfd1 Nc5 27. Rxf7
Kxf7 28. f4 e4 29. Rd5 Qe6 30. Qh5+ Kg8 31. f5 Qf7 32. Qd1 Nd3 33. Bd4 Qe7 34.
Rb5 Qxa3 35. c5 Rc8 36. Rxb6 Rxc5 37. Rb8+ Kf7 38. Qh5+ Ke7 39. Qe8+ Kd6 40.
Qd8+ Kc6 41. Rb6# 1-0

[Event "Lichtenberger Sommer 2016"]
[Site "?"]
[Date "2016.08.18"]
[Round "6.69"]
[White "Caglar, Ertan"]
[Black "Baranowsky, Peter"]
[Result "0-1"]
[WhiteElo "1626"]
[BlackElo "1923"]
[PlyCount "72"]
[EventDate "2016.??.??"]
[WhiteTeam "SW Lichtenrade"]
[BlackTeam "SF 1903 Berlin"]

1. e4 c5 2. Nf3 e6 3. Nc3 a6 4. d4 cxd4 5. Nxd4 Qc7 6. a3 Nf6 7. Bg5 Be7 8. Be2
d6 9. Qd2 h6 10. Be3 b5 11. b4 Bb7 12. Bf3 Nbd7 13. Nb3 Rc8 14. Na5 Ba8 15. e5
Bxf3 16. exf6 Bxf6 17. Bd4 Bxg2 18. Rg1 Ba8 19. Bxf6 Nxf6 20. Rg3 O-O 21. O-O-O
Ne4 22. Nxe4 Bxe4 23. c3 Rfd8 24. h4 h5 25. Rdg1 Bg6 26. Nb3 e5 27. Kb2 Qe7 28.
Rg5 Rc4 29. Rh1 Rdc8 30. Rh3 Qe6 31. Rgg3 Bf5 32. Rh1 Rf4 33. Na5 Qf6 34. Rd1
Bg4 35. Qxd6 Rxf2+ 36. Kc1 Qf4+ 0-1

[Event "Lichtenberger Sommer 2016"]
[Site "?"]
[Date "2016.08.18"]
[Round "6.70"]
[White "Spreer, Lutz"]
[Black "Mayer, Herbert"]
[Result "0-1"]
[WhiteElo "1651"]
[BlackElo "1900"]
[PlyCount "88"]
[EventDate "2016.??.??"]
[WhiteTeam "Burgstädter TSV"]
[BlackTeam "SC Rochade (Berlin)"]

1. e4 c5 2. d4 cxd4 3. c3 dxc3 4. Nxc3 e6 5. Bc4 Nc6 6. f4 Bc5 7. Nf3 Nge7 8.
f5 h6 9. Bf4 d6 10. f6 gxf6 11. Nh4 Qb6 12. Qh5 Bd7 13. O-O-O Be3+ 14. Bxe3
Qxe3+ 15. Kb1 Ne5 16. Bb5 Qc5 17. Qe2 O-O-O 18. Rc1 Bc6 19. Bxc6 N7xc6 20. Nd5
Qa5 21. Nxf6 Kb8 22. Rc3 Nd4 23. Qf2 Nec6 24. Rd1 Qe5 25. Rc4 h5 26. Rcxd4 Nxd4
27. Rxd4 Rh6 28. Ra4 b6 29. Ng8 Qb5 30. Rxa7 Kxa7 31. Qxf7+ Rd7 32. Ne7 Qd3+
33. Kc1 Rc7+ 34. Nc6+ Kb7 35. Qxc7+ Kxc7 36. Ne7 Rf6 37. Nf3 Qf1+ 38. Kc2 Qxg2+
39. Nd2 Rf2 40. Kc3 Rxd2 41. b3 Qg7+ 42. Kxd2 Qxe7 43. Ke3 Qh4 44. a4 Qxh2 0-1

[Event "Lichtenberger Sommer 2016"]
[Site "?"]
[Date "2016.08.18"]
[Round "6.71"]
[White "Reck, Jessica"]
[Black "Körner, Helmut"]
[Result "1-0"]
[WhiteElo "1653"]
[BlackElo "1870"]
[PlyCount "83"]
[EventDate "2016.??.??"]
[WhiteTeam "SK König Tegel"]
[BlackTeam "SF Nordost Berlin"]

1. e4 d5 2. exd5 Nf6 3. d4 Nxd5 4. Bc4 Nb6 5. Bb3 Bf5 6. Nf3 e6 7. O-O Nc6 8.
c3 Be7 9. Bf4 Nd5 10. Bg3 Bg4 11. h3 Bh5 12. Nbd2 O-O 13. Re1 b5 14. a3 Na5 15.
Bc2 Bg6 16. Ne5 Bxc2 17. Qxc2 c5 18. Ndf3 c4 19. Rad1 Bf6 20. Re4 g6 21. h4 Bg7
22. h5 Nf6 23. Bh4 Qe8 24. Bxf6 Bxf6 25. Qd2 Nc6 26. Ng4 Bg7 27. Nh6+ Kh8 28.
hxg6 fxg6 29. Rh4 Qe7 30. Rh3 Rae8 31. Re1 Nd8 32. Ng5 Bxh6 33. Rxh6 Nf7 34.
Rxh7+ Kg8 35. Rxf7 Rxf7 36. Nxf7 Qxf7 37. Qg5 Rf8 38. f3 a6 39. Qe5 Re8 40. Re4
Qf5 41. Kf2 Kf7 42. Rf4 1-0

[Event "Lichtenberger Sommer 2016"]
[Site "?"]
[Date "2016.08.18"]
[Round "6.72"]
[White "Woinowski, Michael"]
[Black "Pöltelt, Helmut"]
[Result "1-0"]
[WhiteElo "1734"]
[BlackElo "1749"]
[PlyCount "118"]
[EventDate "2016.??.??"]
[WhiteTeam "SC Kreuzberg"]
[BlackTeam "SC Eintracht Berlin"]

1. e4 c5 2. Nc3 d6 3. f4 Nf6 4. Nf3 e6 5. Bb5+ Nc6 6. O-O Be7 7. d3 O-O 8. Bxc6
bxc6 9. Qe1 Ne8 10. e5 d5 11. Na4 Ba6 12. b3 Bb5 13. Nb2 a5 14. c4 Ba6 15. Bd2
Bb7 16. Na4 h6 17. Rd1 d4 18. Bc1 Nc7 19. Ba3 Na6 20. Bc1 Nb8 21. Qg3 Nd7 22.
f5 Kh8 23. f6 Nxf6 24. exf6 Bxf6 25. Nxc5 Bc8 26. Ne4 Be7 27. Ne5 Qe8 28. c5
Kh7 29. Nc4 f6 30. Ncd6 Qd8 31. Rde1 f5 32. Nxc8 Bh4 33. Qd6 Bxe1 34. Qxd8 Rxd8
35. Nb6 Ra7 36. Nd6 Bh4 37. g3 Bf6 38. Bb2 g6 39. Re1 e5 40. Nbc4 e4 41. dxe4
fxe4 42. Rxe4 a4 43. b4 Rf8 44. Bxd4 Bxd4+ 45. Rxd4 g5 46. b5 cxb5 47. Nxb5
Raf7 48. Ne3 Re8 49. Nd6 Rd8 50. Nxf7 Rxd4 51. c6 Rd3 52. c7 Rc3 53. Nd5 Rc6
54. Nd6 Rxd6 55. c8=Q Rg6 56. Qd7+ Rg7 57. Qf5+ Kh8 58. Qf8+ Kh7 59. Qxg7+ Kxg7
1-0

[Event "Lichtenberger Sommer 2016"]
[Site "?"]
[Date "2016.08.18"]
[Round "6.73"]
[White "Fiedler, Ronald"]
[Black "Prütz, Sigurd"]
[Result "1/2-1/2"]
[WhiteElo "1700"]
[BlackElo "1724"]
[PlyCount "59"]
[EventDate "2016.??.??"]
[WhiteTeam "Läufer Reinickendorf"]
[BlackTeam "Königsjäger Süd-West"]

1. d4 Nf6 2. c4 g6 3. Nc3 Bg7 4. e4 d6 5. Be2 O-O 6. Bg5 h6 7. Be3 e5 8. d5 a5
9. Qd2 Kh7 10. h4 Nfd7 11. g4 Rh8 12. O-O-O Na6 13. Nh3 Ndc5 14. Kb1 a4 15. f4
exf4 16. Bd4 Qf8 17. Qxf4 Bxd4 18. Rxd4 Qg7 19. Rdd1 a3 20. Rdf1 Kg8 21. bxa3
Bd7 22. Qf6 Qxf6 23. Rxf6 Kg7 24. Rhf1 Rhf8 25. Kb2 Rae8 26. R6f4 Na4+ 27. Kc2
Nxc3 28. Kxc3 Nc5 29. Kd4 Ra8 30. R1f3 1/2-1/2

[Event "Lichtenberger Sommer 2016"]
[Site "?"]
[Date "2016.08.18"]
[Round "6.74"]
[White "Schwager, Thomas"]
[Black "Grassi, Fabrizio"]
[Result "1/2-1/2"]
[WhiteElo "1632"]
[BlackElo "1839"]
[PlyCount "84"]
[EventDate "2016.??.??"]
[WhiteTeam "SC Friesen Lichtenberg"]
[BlackTeam "SV Berlin-Friedrichstadt"]

1. d4 d5 2. c4 e6 3. Nc3 Nf6 4. cxd5 exd5 5. Bg5 c6 6. e3 Be7 7. Bd3 Nbd7 8.
Nge2 Nf8 9. O-O Ne6 10. Bxf6 Bxf6 11. b4 O-O 12. Na4 b5 13. Nac3 a5 14. a3 axb4
15. axb4 Bb7 16. Qc2 g6 17. Ra2 Qd6 18. Rb1 Rxa2 19. Nxa2 Ra8 20. Nec1 Bd8 21.
Bf1 Bc7 22. g3 Ng5 23. Bg2 Bc8 24. h4 Bf5 25. Nd3 Ne4 26. Nac1 Kg7 27. Rb2 Ra1
28. Ra2 Rxa2 29. Qxa2 Qe6 30. Bxe4 Qxe4 31. Qe2 Bg4 32. Nc5 Bxe2 33. Nxe4 dxe4
34. Nxe2 Bd6 35. Nc3 f5 36. d5 cxd5 37. Nxd5 Be5 38. f4 exf3 39. Kf2 Kf7 40.
Kxf3 Ke6 41. Nf4+ Kd6 42. e4 fxe4+ 1/2-1/2

[Event "Lichtenberger Sommer 2016"]
[Site "?"]
[Date "2016.08.18"]
[Round "6.75"]
[White "Bandsom, Olaf"]
[Black "Baumgaertner, Andre"]
[Result "1-0"]
[WhiteElo "1812"]
[BlackElo "1724"]
[PlyCount "171"]
[EventDate "2016.??.??"]
[WhiteTeam "SC Friesen Lichtenberg"]
[BlackTeam "SC Friesen Lichtenberg"]

1. e4 e5 2. Nf3 Nc6 3. Bc4 Bc5 4. c3 Nf6 5. d4 exd4 6. e5 Qe7 7. cxd4 Bb4+ 8.
Bd2 d5 9. Bb3 Bg4 10. Bxb4 Nxb4 11. O-O Nh5 12. a3 Na6 13. Bxd5 c6 14. Be4 O-O
15. h3 f5 16. Bc2 Bxf3 17. Qxf3 Qg5 18. Nc3 Nc7 19. Bb3+ Kh8 20. Rad1 Rad8 21.
Rfe1 Nf4 22. Ne2 Nfd5 23. Qg3 Qe7 24. Nf4 g5 25. Nxd5 Nxd5 26. Bxd5 Rxd5 27. f4
Rg8 28. fxg5 Rxg5 29. Qf4 Qg7 30. Re2 Qg6 31. e6 Rd8 32. Qe5+ Kg8 33. e7 Re8
34. Qc7 Qf6 35. Qd7 Kf7 36. Qxb7 Rxe7 37. Rxe7+ Qxe7 38. Qxc6 Qe2 39. Qd5+ Kg6
40. Rf1 Qxb2 41. h4 Rh5 42. Qe6+ Kg7 43. Qe7+ Kg6 44. Qe8+ Kh6 45. Qe6+ Kg7 46.
Qe7+ Kg6 47. Qxa7 Rxh4 48. d5 Qd4+ 49. Qxd4 Rxd4 50. Re1 Rxd5 51. Re6+ Kg5 52.
Ra6 Kg4 53. Ra8 Rd3 54. a4 Ra3 55. a5 h5 56. a6 Kf4 57. Kh2 Kg4 58. a7 Kf4 59.
g3+ Kf3 60. Kh3 Ra4 61. Rf8 Rxa7 62. Rxf5+ Ke4 63. Rxh5 Rg7 64. g4 Kf4 65. Rf5+
Ke4 66. Rf1 Rh7+ 67. Kg3 Ke5 68. g5 Ke6 69. Kg4 Rh2 70. g6 Rg2+ 71. Kh5 Rh2+
72. Kg5 Rg2+ 73. Kh6 Rh2+ 74. Kg7 Ra2 75. Kg8 Ke7 76. Rf7+ Ke6 77. Rf3 Ke7 78.
g7 Rh2 79. Rf7+ Ke8 80. Ra7 Rh3 81. Ra6 Ke7 82. Rg6 Rh2 83. Rg3 Ra2 84. Rh3
Ra8+ 85. Kh7 Kf7 86. Rf3+ 1-0

[Event "Lichtenberger Sommer 2016"]
[Site "?"]
[Date "2016.08.18"]
[Round "6.76"]
[White "Fock, Amina"]
[Black "Petersen, Moritz"]
[Result "0-1"]
[WhiteElo "1511"]
[BlackElo "1729"]
[PlyCount "84"]
[EventDate "2016.??.??"]
[WhiteTeam "SK International Berlin"]
[BlackTeam "SV Rüdersdorf"]

1. e4 e6 2. d4 d5 3. Nd2 dxe4 4. Nxe4 Nd7 5. Nf3 Ngf6 6. Nxf6+ Nxf6 7. Bg5 Be7
8. Qd2 Ne4 9. Bxe7 Nxd2 10. Bxd8 Nxf3+ 11. gxf3 Kxd8 12. O-O-O Ke7 13. Bc4 c6
14. Rhe1 Kf6 15. c3 b6 16. Bd3 Bb7 17. Be4 Rhd8 18. f4 g6 19. Kd2 Rac8 20. Ke3
Ba6 21. b3 c5 22. dxc5 Rxd1 23. Rxd1 Rxc5 24. c4 Ke7 25. Bf3 b5 26. cxb5 Bxb5
27. Be2 Bc6 28. Rd3 Rc1 29. Kd2 Ra1 30. a4 Bd5 31. Bd1 Ra2+ 32. Bc2 Ra1 33. Bd1
Ra2+ 34. Bc2 Be4 35. Rc3 Kd6 36. Kc1 Bxc2 37. Rxc2 Ra1+ 38. Kb2 Rh1 39. Ka3
Rxh2 40. Rd2+ Kc7 41. Rc2+ Kb6 42. Rb2 Rh3 0-1

[Event "Lichtenberger Sommer 2016"]
[Site "?"]
[Date "2016.08.18"]
[Round "6.77"]
[White "Bartoszewski-Reiski, Olaf"]
[Black "Schiering, Manfred"]
[Result "1-0"]
[WhiteElo "1574"]
[BlackElo "1671"]
[PlyCount "87"]
[EventDate "2016.??.??"]
[WhiteTeam "BKS Chemik Bydgoszcz"]
[BlackTeam "vereinslos"]

1. e4 e6 2. Nf3 d5 3. Nc3 d4 4. Ne2 c5 5. c3 Nc6 6. cxd4 cxd4 7. Qa4 Bc5 8. b4
Bb6 9. b5 Na5 10. Nexd4 e5 11. Nb3 Nxb3 12. Qxb3 Be6 13. Bc4 Bxc4 14. Qxc4 f6
15. O-O Rc8 16. Qb3 Ne7 17. a4 Qd7 18. d3 g6 19. Bh6 Ng8 20. Bc1 h5 21. Be3 Kf8
22. Bxb6 axb6 23. Rac1 Ne7 24. Rxc8+ Qxc8 25. Qb2 Kg7 26. Rc1 Qd7 27. Rc3 Rc8
28. Qc2 Rxc3 29. Qxc3 g5 30. Nd2 Qc8 31. Qxc8 Nxc8 32. Nc4 Kf7 33. f3 Ke6 34.
Kf2 f5 35. exf5+ Kxf5 36. Ke3 g4 37. fxg4+ hxg4 38. g3 Ne7 39. Nxb6 Ke6 40. Ke4
Ng6 41. Nc4 Kf6 42. a5 Ke6 43. a6 bxa6 44. bxa6 1-0

[Event "Lichtenberger Sommer 2016"]
[Site "?"]
[Date "2016.08.18"]
[Round "6.78"]
[White "David, Daniel"]
[Black "Wallmann, Bodo"]
[Result "0-1"]
[WhiteElo "1445"]
[BlackElo "1841"]
[PlyCount "134"]
[EventDate "2016.??.??"]
[WhiteTeam "SC Erkrath"]
[BlackTeam "SC Kreuzberg"]

1. e4 c5 2. Nf3 d6 3. d4 cxd4 4. Nxd4 Nf6 5. Bb5+ Bd7 6. Bxd7+ Qxd7 7. Nc3 e6
8. Bg5 Be7 9. O-O O-O 10. Re1 Nc6 11. Nxc6 Qxc6 12. Qe2 a6 13. Rad1 Rac8 14. e5
dxe5 15. Qxe5 Rfe8 16. Re2 h6 17. Bc1 Red8 18. Rxd8+ Rxd8 19. Rd2 Rxd2 20. Bxd2
b5 21. a3 Bd6 22. Qd4 Qc7 23. g3 e5 24. Qd3 Qc6 25. b4 Bc7 26. h4 Bb6 27. Be3
Bc7 28. Bc5 e4 29. Qe2 Be5 30. Nd1 Qe6 31. a4 bxa4 32. c4 Qc6 33. Qa2 Nd7 34.
Be3 Kf8 35. c5 Nf6 36. Nb2 Bxb2 37. Qxb2 Qb5 38. Bd4 Ne8 39. Bc3 f6 40. g4 Qd7
41. Qe2 Qd3 42. Qxd3 exd3 43. f4 a3 44. Kf2 a2 45. Ke3 Nc7 46. Kxd3 Nd5 47. Ba1
Nxb4+ 48. Kc4 Nc2 49. Bb2 a1=Q 50. Bxa1 Nxa1 51. c6 Ke7 52. Kc5 Nb3+ 53. Kb6
Kd8 54. Kxa6 Kc7 55. Kb5 Nd4+ 56. Kc5 Ne6+ 57. Kd5 Nxf4+ 58. Ke4 Ng2 59. h5
Kxc6 60. Kf5 Nh4+ 61. Ke6 Ng2 62. Kf7 Ne3 63. Kxg7 Nxg4 64. Kg6 Kd6 65. Kf5 Kd5
66. Kxg4 Ke5 67. Kh4 Kf4 0-1